000 00815nab a2200229 uc4500
001 718456
005 20240601091102.0
008 020208s1999 spa
035 _a718456
035 _a(OCoLC)819931759
040 _ccomduadb
041 _aspa
100 1 0 _aSánchez Henao, Claudia Patricia
_4aut
_eaut
_9312418
245 1 0 _aCaracteristicas de la produccion de la renina microbiana de muco miehei en un proceso de alimentacion por lote
650 7 _aEnzimas
_2dcs
_91025
650 7 _aQuesos
_2lemb
_948025
650 _aQuimosina
_958663
700 1 0 _aEscobar Kousen, J.M.
_4aut
_eaut
_9349070
700 1 0 _aRodriguez de Stouvenel, A.
_4aut
_eaut
_9516455
773 0 _tRevista Colombiana de Biotecnología
_gVolumen 02, Número 01, 1999, p. 28-34
_w703187
_x0123-3475
_0225738
942 _cARIMP
999 _c229781
_d229781